| 000 | | | 03795nmc2a22002413x 450 |
| 001 | | | 108d8722-bb47-4247-b870-23f522575a8f |
| 005 | | | 20210120202707.0 |
| 100 | ## | $a | 20200721l18031811k l0rusy0189 ca |
| 101 | 0# | $a | rus |
| | $a | und |
| 102 | ## | $a | RU |
| 105 | ## | $a | y### |
| 122 | 2# | $a | d |
| 200 | 1# | $a | Записки разных лиц Н.Н. Новосильцеву об улучшении положения крестьян в Польше, о политическом положении в Италии, изменении законов о банкротах, деятельности арбитров, содействии эстонскому дворянству в получении займа и другим вопросам |
| | $j | январь 1803 г. - 11 октября 1811 г. |
| 215 | ## | $a | 36 л. |
| | $d | 36,5х26 см |
| 251 | ## | $c | Дело |
| 300 | ## | $a | На русском и иностранных языках |
| 371 | ## | $a | Документ не является опубликованным и широко распространяемым |
| 461 | #0 | $1 | 00128879f16-ff4e-4f8d-badb-77e4852a6b46 |
| | $1 | 2001 |
| | $a | Канцелярия Н. Н. Новосильцева |
| | $1 | 251 |
| | $c | Фонд |
| | $1 | 852 |
| | $j | 14 |
| 462 | #0 | $1 | 0011a29f678-13d1-4ea0-bc65-cb17ceb99ac0 |
| | $1 | 2001 |
| | $a | 1769-1830 гг. |
| | $1 | 251 |
| | $c | Опись |
| | $1 | 852 |
| | $j | 1 |
| 801 | #0 | $a | RU |
| | $b | РГИА |
| | $c | 20200721 |
| | $g | RCR |
| 801 | #1 | $a | RU |
| | $b | ГлавНИВЦ |
| | $c | 20200721 |
| | $2 | rusmarc |
| 801 | #2 | $a | RU |
| | $b | ПБ им. Б.Н. Ельцина |
| | $c | 20210120 |
| | $g | RCR |
| | $2 | rusmarc |
| 850 | ## | $a | РГИА |
| 852 | ## | $a | РГИА |
| | $e | Федеральное казенное учреждение "Российский государственный исторический архив" (РГИА) |
| | $j | 26 |
| 937 | ## | $h | РГИА |
| | $d | 12346755 |
| | $a | ASBIBLIO_SCAN |
| 035 | ## | $a | RusGRCC00008082 |
| 856 | ## | $u | http://readingroom.main.prlib.ru/item.aspx?id_node=n154654701&mode=full |